01126nas a2200289 4500001001000000003000900010005001700019007000300036008003400039040005400073041000900127072000800136100001600144245012600160246012800286650001600414650001400430650001300444650002100457650001000478773008900488856003100577909004000608942001800648999001900666952015100685BR8301353BR-BrBNA20231205085457.0ta230509b bl.|||p| |||| 00| 00por d aBR-BrBNAbporcBiblioteca Nacional de Agricultura a(En) aH101 aAbreu, J.M.1 aInvestigations on the rubber leaf caterpillar Erinnyis ello in Bahia, Brazil [mandarova, seringueira, Hevea brasiliensis]1 aInvestigations on the rubber leaf caterpillar Erinnyis ello in Bahia, Brazil ["Mandarova", rubber tree, Hevea Brasiliensis] aSERINGUEIRA aMANDAROVA aBIOLOGIA aCONTROLE QUIMICO aBAHIA0 tRevista Theobroma (Brazil)xISSN 0370-7962g(Apr 1982), v. 12(2) p. 85-99wBR830135340dLink DSPACE/MAPA BR8301353 a202311bLúciac55dLúcia Elande 2AGRISn0cANA c111693d111693 002AGRIS4071a41918b41918cPeriódicos Agrícolash(Apr 1982), v. 12(2) p. 85-99l0r2023-11-29t01yCRePortaria Interministerial nº 164/94